header

Traffic management for high-speed networks (Record no. 63718)

MARC details
000 -LEADER
fixed length control field 01444nam a2200337 a 4500
082 04 - DEWEY DECIMAL CLASSIFICATION NUMBER
Classification number 004.6/6
100 1# - MAIN ENTRY--AUTHOR NAME
Personal name Kung, H. T.
245 10 - TITLE STATEMENT
Title Traffic management for high-speed networks
260 ## - PUBLICATION, DISTRIBUTION, ETC. (IMPRINT)
Place of publication Washington, D.C. :
Name of publisher National Academy Press,
Year of publication 1997.
300 ## - PHYSICAL DESCRIPTION
Number of Pages vii, 22 p. :
Other physical details ill.
490 1# - SERIES STATEMENT
Series statement International science lecture series ;
500 ## - GENERAL NOTE
General note "Organized by the National Research Council, the Office of Naval Research, and the Air Force Office of Scientific Research"--Cover.
650 #0 - SUBJECT ADDED ENTRY--TOPICAL TERM
Topical Term Data transmission systems.
Topical Term Telecommunication
856 40 - ELECTRONIC LOCATION AND ACCESS
Uniform Resource Identifier http://site.ebrary.com/lib/rucke/Doc?id=10055059

No items available.

© 2026 Rongo University
Contact us: librarian | system librarian | Rongo university